<?xml version="1.0" encoding="UTF-8"?>
<marc:record xmlns:marc="http://www.loc.gov/MARC21/slim">
   <marc:leader>00000nam a2200000 a 4500</marc:leader>
   <marc:datafield ind1="1" ind2=" " tag="100">
      <marc:subfield code="a">William, Anthony</marc:subfield>
      <marc:subfield code="4">aut</marc:subfield>
      <marc:subfield code="e">Verfasser/-in</marc:subfield>
   </marc:datafield>
   <marc:datafield ind1="1" ind2=" " tag="100">
      <marc:subfield code="a">Lehner, Jochen</marc:subfield>
      <marc:subfield code="4">trl</marc:subfield>
      <marc:subfield code="e">Übersetzer/-in</marc:subfield>
   </marc:datafield>
   <marc:datafield ind1="0" ind2="0" tag="245">
      <marc:subfield code="a">Heile deine Leber</marc:subfield>
   </marc:datafield>
   <marc:datafield ind1="0" ind2="0" tag="245">
      <marc:subfield code="b">die Wahrheit über chronische Erschöpfung, Reizdarm, Gewichtsprobleme, Diabetes und Autoimmunkrankheiten</marc:subfield>
   </marc:datafield>
   <marc:datafield ind1="0" ind2="0" tag="245">
      <marc:subfield code="c">Anthony William. Aus dem Englischen von Jochen Lehner</marc:subfield>
   </marc:datafield>
   <marc:datafield ind1=" " ind2="1" tag="264">
      <marc:subfield code="a">München</marc:subfield>
      <marc:subfield code="b">Arkana</marc:subfield>
      <marc:subfield code="c">2019</marc:subfield>
   </marc:datafield>
   <marc:datafield ind1=" " ind2=" " tag="250">
      <marc:subfield code="a">1. Auflage, Deutsche Erstausgabe</marc:subfield>
   </marc:datafield>
   <marc:datafield ind1="1" ind2=" " tag="520">
      <marc:subfield code="a">Die Leber, unser wichtigstes Entgiftungsorgan, muss tagtäglich Schwerstarbeit verrichten &#x96; insbesondere, wenn zu viel Zucker, Stress und zu wenig Bewegung auf sie einwirken. Die Folge sind Beschwerden wie Diabetes, Bluthochdruck oder chronische Müdigkeit. Fatalerweise bleibt die wahre Leidensursache dabei meist unentdeckt, denn: Unsere Leber leidet still. Hier setzt Anthony William, das weltbekannte Medical Medium, an: Dank seiner besonderen Gabe entschlüsselt er Wirkmechanismen und Krankheitssymptome, unterzieht gängige Ernährungstrends dem Heil-Check und verrät seinen Detox-Masterplan für die gesunde Leber!</marc:subfield>
   </marc:datafield>
   <marc:datafield ind1=" " ind2=" " tag="020">
      <marc:subfield code="a">9783442342518</marc:subfield>
      <marc:subfield code="9">9783442342518</marc:subfield>
   </marc:datafield>
   <marc:datafield ind1=" " ind2=" " tag="020">
      <marc:subfield code="a">3442342511</marc:subfield>
      <marc:subfield code="9">3442342511</marc:subfield>
   </marc:datafield>
   <marc:datafield ind1=" " ind2=" " tag="300">
      <marc:subfield code="a">575 S. : Ill.</marc:subfield>
   </marc:datafield>
</marc:record>
